Polt̕ica Criminal

Detalles Bibliográficos
Formato: Desconocido
Lenguaje:español
Publicado: Talca, Chile : Universidad de Talca
Materias:
Acceso en línea:Acceso restringido

MARC

LEADER 00000ny a22000003n 4500
005 20110517134823.0
006 s r p s | a0
007 cr cnu---m|a|a
008 080811u19uu9999cl r p spa d
022 |a 0718-3399 
035 |a 2542 
040 |a WaSeSS  |d vLex 
090 |c 2033  |d 2033 
245 0 0 |a Polt̕ica Criminal  |h [Recurso electrn̤ico] 
256 |a Servicio en ln̕ea 
260 |a Talca, Chile :  |b Universidad de Talca 
506 1 |a Contenido solo disponible en los productos indicados  |d vLex Global  |d vLex Global (Academic Edition, excluding Law Schools)  |d vLex Global (U.S. Academic Edition, Law Schools)  |d vLex Global (U.S. Academic Edition, excluding Law Schools)  |d vLex Global (Academic Edition, Law Schools) 
650 0 4 |a Polt̕ica criminal  |x Publicaciones perid̤icas 
740 |a vLex Revista (Servicios en ln̕ea) 
843 |a Electrn̤ica. Abierta 
853 |8 1  |i (year)  |j (month)  |k (day) 
856 4 0 |z Acceso restringido  |u http://vlex.com/source/politica-criminal-2542 
942 |c REV